The Chronological Order Of Star Wars - Statistics

General Stats
  • This quiz has been taken 238 times
    170 since last reset
  • The average score is 21 of 28
Answer Stats
Group Year Answer % Correct
Movie 1977 A New Hope
100%
Movie 1999 The Phantom Menace
99%
Movie 1983 Return of the Jedi
97%
Movie 2005 Revenge of the Sith
97%
Movie 1980 The Empire Strikes Back
97%
Movie 2002 Attack of the Clones
96%
Movie 2008 The Clone Wars
93%
Animated Series 2008-2020 The Clone Wars
93%
Movie 2017 The Last Jedi
92%
Movie 2016 Rogue One
91%
Live-Action Series 2019-Present The Mandalorian
90%
Movie 2018 Solo
88%
Movie 2015 The Force Awakens
88%
Movie 2019 The Rise of Skywalker
87%
Animated Series 2014-2018 Rebels
80%
Live-Action Series 2022-2022 Obi-Wan Kenobi
79%
Live-Action Series 2022-Present Andor
78%
Live-Action Series 2023-Present Ahsoka
77%
Live-Action Series 2021-2022 The Book of Boba Fett
67%
Animated Series 2021-2024 The Bad Batch
64%
Live-Action Series 2024-2024 The Acolyte
63%
Animated Series 2024-2024 Tales of the Empire
55%
Animated Series 2022-2022 Tales of the Jedi
55%
Animated Series 2018-2020 Resistance
46%
Live-Action Series 2024-Present Skeleton Crew
46%
Animated Series 2021-Present Visions
28%
Movie 2026 The Mandalorian and Grogu
27%
Animated Series 2016-2019 Forces of Destiny
9%
No matching quizzes found
Score Distribution
Percent of People with Each Score
Percentile by Number Answered
Your Score History
You have not taken this quiz since the last reset